Lewis' General Knowledge Quiz #6 - Statistics

General Stats
  • This quiz has been taken 39 times
  • The average score is 11 of 20
Answer Stats
Hint Answer % Correct
What does a dermatologist study? Skin
97%
Which zodiac sign is represented by the crab? Cancer
87%
Which is the least used letter in the English language? Q
87%
Which African city has a name meaning 'white house' in Spanish? Casablanca
76%
Which young actor died in a car crash in California in 1955? James Dean
76%
What drink is made from vodka and tomato juice? Bloody Mary
74%
What appears on the flag of Wales? Dragon
71%
In computer terms, what does the R stand for in the term RAM? Random
71%
Which city hosted the 1996 Olympic Games? Atlanta
61%
In which novel does the parrot called Captain Flint appear? Treasure Island
53%
What is another name for a wildebeest? Gnu
50%
By what name was the fictional Lord Greystoke better known? Tarzan
50%
Which commonwealth country celebrated its bicentennial in 1988? Australia
45%
In what field was Maria Montessori famous? Education
45%
What is a John Dory? A Fish
42%
What goes a Geiger counter measure? Radioactivity
42%
Which James Bond film starred Honor Blackman? Goldfinger
34%
Which country is known as the 'land of the midnight sun'? Norway
34%
Who was the author of Our Mutual Friend? Charles Dickens
18%
The peacock belongs to which family of birds? Pheasant
11%
No matching quizzes found
Score Distribution
Percent of People with Each Score
Percentile by Number Answered
Your Score History
You have not taken this quiz